[Event "ICS Rated blitz match"]
[Site "204.178.125.65"]
[Date "2001.09.13"]
[Round "?"]
[White "Hossa"]
[Black "LarsB"]
[Result "1-0"]
[WhiteElo "2604"]
[BlackElo "2178"]
[PlyCount "103"]
[EventDate "2001.??.??"]

1. e4 d5 2. exd5 Qxd5 3. d4 Nf6 4. Nc3 Qa5 5. Bd2 c6 6. Nf3 Bf5 7. Bc4 e6 8.
Nd5 Qd8 9. Nxf6+ Qxf6 10. c3 Bg4 11. Be2 Bd6 12. O-O Nd7 13. Bg5 Qf5 14. Qd2 h6
15. Be3 Nf6 16. c4 Qh5 17. Bf4 Bxf4 18. Qxf4 Qf5 19. Qc7 O-O 20. Bd1 Rab8 21.
Rc1 Rfc8 22. Qg3 Nh5 23. Qd6 Rd8 24. Qc7 Rdc8 25. Qe7 Re8 26. Qa3 Nf4 27. Qxa7
Nxg2 28. Qc5 Nf4 29. Qxf5 Bxf5 30. Rc3 Red8 31. Re1 Bg4 32. Rb3 Bxf3 33. Bxf3
Rxd4 34. Bxc6 Rxc4 35. Bxb7 Rc7 36. Bd5 Rd8 37. Be4 g6 38. Rf3 Nh5 39. a4 f5
40. Bd3 Kf7 41. b4 Kf6 42. a5 e5 43. b5 Nf4 44. Bf1 Nd5 45. a6 Nb6 46. Rd3 Rxd3
47. Bxd3 e4 48. Bf1 Re7 49. Rc1 f4 50. Rc6+ Re6 51. Rxb6 Rxb6 52. a7 {
LarsB resigns} 1-0

[Event "ICS rated blitz match"]
[Site "204.178.125.65"]
[Date "2001.09.13"]
[Round "?"]
[White "Hossa"]
[Black "lupica"]
[Result "1-0"]
[WhiteElo "2607"]
[BlackElo "2233"]
[PlyCount "40"]
[EventDate "2001.??.??"]

1. e4 c5 2. Nf3 e6 3. d4 cxd4 4. Nxd4 Nc6 5. Nc3 Qc7 6. Be2 a6 7. f4 Bc5 8. Nb3
Ba7 9. Bd3 Nge7 10. e5 d5 11. exd6 Qxd6 12. Bd2 b5 13. Qg4 g6 14. Ne4 Qc7 15.
Nf6+ Kf8 16. Qh4 h5 17. O-O-O Nf5 18. Bxf5 exf5 19. Nd5 Qd8 20. Bb4+ Kg8 {
lupica resigns} 1-0

[Event "ICS Rated blitz match"]
[Site "204.178.125.65"]
[Date "2001.09.13"]
[Round "?"]
[White "lupica"]
[Black "Hossa"]
[Result "1-0"]
[WhiteElo "2230"]
[BlackElo "2610"]
[PlyCount "136"]
[EventDate "2001.??.??"]

1. d4 d5 2. e3 Nf6 3. Bd3 c5 4. c3 Nc6 5. f4 Bg4 6. Nf3 e6 7. O-O cxd4 8. exd4
Bd6 9. h3 Bxf3 10. Qxf3 O-O 11. Nd2 Ne7 12. Rf2 Re8 13. Nf1 Qd7 14. g4 Ng6 15.
Bxg6 hxg6 16. Be3 Ne4 17. Rg2 Qe7 18. Ng3 Qh4 19. Nxe4 dxe4 20. Qxe4 Qxh3 21.
Rf1 g5 22. fxg5 Re7 23. Qf3 Qxf3 24. Rxf3 e5 25. d5 e4 26. Rf1 Kh7 27. Rgf2 Kg6
28. Kg2 b5 29. Rf5 Rh8 30. Rh1 Rxh1 31. Kxh1 Re8 32. Kg2 Rh8 33. Bf4 Bxf4 34.
Rxf4 Re8 35. Kf2 Re5 36. Ke3 Rxd5 37. Rxe4 Rxg5 38. b3 Rd5 39. Rd4 Re5+ 40. Kd3
Re1 41. c4 Ra1 42. cxb5 Rxa2 43. Ra4 Rg2 44. Rxa7 Rxg4 45. Ra4 Rg3+ 46. Kc4 Re3
47. b6 Re7 48. Ra7 Re4+ 49. Kc5 Re5+ 50. Kc6 Re6+ 51. Kc7 Re7+ 52. Kc8 Re3 53.
Ra3 Kf6 54. b7 Re6 55. b8=Q Re8+ 56. Kc7 Rxb8 57. Kxb8 Ke6 58. b4 Kd5 59. Rc3
f5 60. b5 g5 61. b6 Ke4 62. b7 Kd4 63. Rc1 Ke3 64. Kc8 Ke2 65. b8=Q Ke3 66.
Qe5+ Kf2 67. Qxf5+ Ke3 68. Qxg5+ Kf3 {Hossa resigns} 1-0

[Event "ICS rated blitz match"]
[Site "204.178.125.65"]
[Date "2001.09.13"]
[Round "?"]
[White "juupar"]
[Black "Hossa"]
[Result "0-1"]
[WhiteElo "2154"]
[BlackElo "2584"]
[PlyCount "96"]
[EventDate "2001.??.??"]

1. e4 c5 2. d3 Nc6 3. g3 d5 4. Bg2 dxe4 5. Bxe4 c4 6. Bxc6+ bxc6 7. dxc4 Qxd1+
8. Kxd1 Bf5 9. Be3 g6 10. Nd2 Bg7 11. c3 Rb8 12. Nb3 a6 13. Ne2 e5 14. f3 Ne7
15. g4 Be6 16. Kc2 Bxc4 17. Ng3 Bd5 18. Rhf1 f6 19. Ne4 h5 20. h3 hxg4 21. hxg4
f5 22. Ned2 fxg4 23. fxg4 Be6 24. Rg1 Rh4 25. g5 Bf5+ 26. Kc1 Nd5 27. Bf2 Nf4
28. Kd1 Rh3 29. Rg3 Nd3 30. Rxh3 Nxf2+ 31. Ke2 Nxh3 32. Rh1 Nxg5 33. Nf3 Bg4
34. Rf1 e4 35. Ke3 exf3 36. Kf4 Bh3 37. Rh1 Rb5 38. Nd4 Bxd4 39. cxd4 Rf5+ 40.
Ke3 f2 41. b3 Rf3+ 42. Ke2 f1=Q+ 43. Rxf1 Bxf1+ 44. Kd2 Ne4+ 45. Kc2 Rf2+ 46.
Kb1 Nc3+ 47. Kc1 Bd3 48. d5 Rc2# {juupar checkmated} 0-1

[Event "ICS rated blitz match"]
[Site "204.178.125.65"]
[Date "2001.09.13"]
[Round "?"]
[White "juupar"]
[Black "Hossa"]
[Result "0-1"]
[WhiteElo "2125"]
[BlackElo "2586"]
[PlyCount "60"]
[EventDate "2001.??.??"]

1. e4 d5 2. exd5 Qxd5 3. Nc3 Qe6+ 4. Nge2 Nf6 5. d3 Qd7 6. Be3 e5 7. Qd2 Bd6 8.
O-O-O O-O 9. Ne4 Nxe4 10. dxe4 Qc6 11. f3 Be6 12. Kb1 Rd8 13. Qc3 Rd7 14. g3 f6
15. Bg2 Qb5 16. Qe1 Ba3 17. Bc1 Bb4 18. c3 Qa5 19. a3 Bc5 20. Rxd7 Nxd7 21. Bd2
Qb5 22. Nc1 Bxa3 23. b4 a5 24. Bf1 Qa4 25. b5 Bb3 26. Bd3 Bxc1 27. Bc4+ Bxc4
28. Kxc1 Nc5 29. Qd1 Qa1+ 30. Kc2 Bd3# {juupar checkmated} 0-1

[Event "ICS Rated blitz match"]
[Site "204.178.125.65"]
[Date "2001.09.13"]
[Round "?"]
[White "Hossa"]
[Black "QueenMaxima"]
[Result "1-0"]
[WhiteElo "2588"]
[BlackElo "2497"]
[PlyCount "81"]
[EventDate "2001.??.??"]

1. e4 h5 2. d4 d6 3. Bf4 Nc6 4. Nf3 Bg4 5. d5 Nb8 6. Bd3 c6 7. O-O Qb6 8. b3
cxd5 9. exd5 g6 10. Be3 Qa5 11. Bd4 Rh7 12. Nc3 Bg7 13. Bb5+ Nd7 14. Bxg7 Rxg7
15. Qd4 Ngf6 16. Nd2 Kf8 17. Nc4 Qb4 18. f3 Bf5 19. g4 hxg4 20. fxg4 Bxg4 21.
Rae1 Rc8 22. Bxd7 Bxd7 23. Rxe7 Kxe7 24. Qxf6+ Kf8 25. Ne4 Bh3 26. a3 Qb5 27.
Qxd6+ Kg8 28. Nf6+ Kh8 29. Rf3 Bf5 30. Rf2 Rh7 31. Qe5 Rxc4 32. Rxf5 Rc8 33.
Nxh7+ f6 34. Nxf6 Qb6+ 35. Rf2 Qc7 36. d6 Qg7 37. Rf3 Qh6 38. Rh3 b6 39. Rxh6+
Kg7 40. Rh7+ Kf8 41. Qe7# {QueenMaxima checkmated} 1-0

[Event "ICS rated blitz match"]
[Site "204.178.125.65"]
[Date "2001.09.13"]
[Round "?"]
[White "Hossa"]
[Black "Tinker"]
[Result "0-1"]
[WhiteElo "2600"]
[BlackElo "2560"]
[PlyCount "140"]
[EventDate "2001.??.??"]

1. e4 c5 2. Nf3 d6 3. d4 cxd4 4. Nxd4 Nf6 5. Nc3 a6 6. Be2 e5 7. Nb3 Be7 8. O-O
Be6 9. f4 Qc7 10. Kh1 O-O 11. f5 Bc4 12. g4 Nfd7 13. Bxc4 Qxc4 14. Be3 Nc6 15.
Nd2 Qb4 16. Nd5 Qxb2 17. a4 Nf6 18. Rb1 Nxd5 19. Rxb2 Nxe3 20. Qb1 Nxf1 21.
Nxf1 Na5 22. Ne3 Rac8 23. Nd5 Bd8 24. c3 Kh8 25. Kg2 Rc4 26. Rb4 Rc5 27. Qd3
Bg5 28. Rb6 Rd8 29. Qb1 Rc4 30. Qc2 Rd7 31. Rb2 Rc5 32. Qb1 b5 33. axb5 Nc4 34.
bxa6 Nxb2 35. Qxb2 Rc8 36. Qb4 Rcd8 37. c4 h6 38. Kf3 Ra7 39. Qb6 Rda8 40. Qxd6
Rxa6 41. Qxe5 Ra2 42. Nc3 Bf6 43. Qc7 R8a3 44. e5 Rxc3+ 45. Kf4 Rf2+ 46. Ke4
Re2+ 47. Kd5 Rxe5+ 48. Kd6 Re4 49. Qxf7 Rcxc4 50. Qa7 Rxg4 51. Qb7 Rgd4+ 52.
Ke6 Rc2 53. Kf7 Kh7 54. h3 Rcd2 55. Qb5 Rd7+ 56. Kf8 Rd8+ 57. Kf7 R2d7+ 58.
Qxd7 Rxd7+ 59. Ke6 Rd3 60. h4 Re3+ 61. Kd6 Bxh4 62. Kd5 Bf6 63. Kc5 h5 64. Kc4
h4 65. Kc5 h3 66. Kd5 h2 67. Kc6 h1=Q+ 68. Kb5 Qb7+ 69. Kc5 Rc3+ 70. Kd6 Qc6# {
Hossa checkmated} 0-1

[Event "ICS Rated blitz match"]
[Site "204.178.125.65"]
[Date "2001.09.13"]
[Round "?"]
[White "RivalChess"]
[Black "Hossa"]
[Result "0-1"]
[WhiteElo "2177"]
[BlackElo "2582"]
[PlyCount "98"]
[EventDate "2001.??.??"]

1. e4 c5 2. Nf3 d6 3. Nc3 e6 4. Bb5+ Bd7 5. O-O Be7 6. d4 cxd4 7. Qxd4 Bxb5 8.
Nxb5 a6 9. Qxg7 Bf6 10. Nxd6+ Qxd6 11. e5 Qxe5 12. Qxh8 Bxh8 13. Nxe5 Bxe5 14.
Rb1 Nc6 15. f4 Bd4+ 16. Kh1 Nf6 17. c3 Bb6 18. b4 Ne4 19. c4 Bd4 20. b5 Na5 21.
bxa6 Rxa6 22. Bb2 Bc5 23. Bc1 Nf2+ 24. Kg1 Nd3+ 25. Kh1 b6 26. Ba3 Bd4 27. c5
bxc5 28. Rb8+ Ke7 29. Rf3 Nf2+ 30. Kg1 Ne4+ 31. Kh1 Nc4 32. Rb7+ Kf6 33. Bxc5
Bxc5 34. a4 Ncd2 35. Rbb3 Rxa4 36. g3 Ra1+ 37. Kg2 Rg1+ 38. Kh3 Nxb3 39. Kh4
Nd4 40. Rd3 Nf5+ 41. Kg4 Nf2+ 42. Kf3 Nxd3 43. Ke2 Nc1+ 44. Kd2 Bb4+ 45. Kc2
Nd4+ 46. Kb2 Nd3+ 47. Ka2 Rg2+ 48. Kb1 Rb2+ 49. Ka1 Nc2# {RivalChess checkmated
} 0-1

[Event "ICS rated blitz match"]
[Site "204.178.125.65"]
[Date "2001.09.13"]
[Round "?"]
[White "Hossa"]
[Black "QueenMaxima"]
[Result "1-0"]
[WhiteElo "2585"]
[BlackElo "2493"]
[PlyCount "157"]
[EventDate "2001.??.??"]

1. e4 a5 2. d4 e6 3. Nf3 b6 4. Bd3 Bb4+ 5. c3 Be7 6. O-O Ba6 7. Bxa6 Nxa6 8.
Bd2 Nf6 9. e5 Ne4 10. Bf4 O-O 11. Re1 f5 12. d5 Bc5 13. Be3 Qe7 14. c4 Bb4 15.
Re2 Rae8 16. a3 Bc5 17. Nbd2 Kh8 18. Qc2 Bxe3 19. Rxe3 Nac5 20. b4 Nxd2 21.
Nxd2 Nb7 22. bxa5 Nxa5 23. Qd1 Nb7 24. Nb3 Ra8 25. Qh5 exd5 26. cxd5 Rxa3 27.
Rxa3 Qxa3 28. e6 Qb2 29. Re1 dxe6 30. dxe6 Nd6 31. Nc1 Re8 32. Nd3 Qd4 33. Qf3
c5 34. Ne5 Qb4 35. Qd1 c4 36. Qe2 Qc5 37. Nd7 Qc7 38. Qe3 b5 39. Qe5 b4 40. Rd1
c3 41. Qd5 Rc8 42. Ne5 c2 43. Rc1 Rf8 44. Qb3 Ra8 45. g3 Rc8 46. Qxb4 Ne4 47.
Qd4 Rb8 48. Nf7+ Kg8 49. Qd3 Rb2 50. Qd7 Qb8 51. Nd8 h6 52. Qf7+ Kh7 53. Qxf5+
Kg8 54. e7 Nd6 55. Qd5+ Kh7 56. Nc6 Qc7 57. Qd3+ Kh8 58. Qxd6 Qxd6 59. e8=Q+
Kh7 60. Qe4+ g6 61. Kg2 Qc5 62. Ne5 Qd6 63. Nc4 Qb4 64. Qc6 Rb1 65. Qd7+ Kh8
66. Rxc2 Qe1 67. Nd2 Rc1 68. Qc8+ Kg7 69. Qc3+ Kh7 70. Qc7+ Kg8 71. Rxc1 Qxd2
72. Qc8+ Kf7 73. Rc7+ Kf6 74. Qf8+ Ke5 75. Qe7+ Kd4 76. Qd6+ Ke4 77. Re7+ Kf5
78. Qe5+ Kg4 79. h3# {QueenMaxima checkmated} 1-0

[Event "ICS rated blitz match"]
[Site "204.178.125.65"]
[Date "2001.09.13"]
[Round "?"]
[White "RivalChess"]
[Black "Hossa"]
[Result "0-1"]
[WhiteElo "2211"]
[BlackElo "2597"]
[PlyCount "112"]
[EventDate "2001.??.??"]

1. e4 c5 2. Nf3 d6 3. Nc3 e6 4. Bb5+ Bd7 5. O-O Be7 6. d4 cxd4 7. Qxd4 Bxb5 8.
Nxb5 a6 9. Qxg7 Bf6 10. Nxd6+ Qxd6 11. e5 Qxe5 12. Qxh8 Bxh8 13. Nxe5 Bxe5 14.
Rb1 Nc6 15. f4 Bd4+ 16. Kh1 Nf6 17. c3 Bb6 18. b4 Ne4 19. c4 Bd4 20. b5 Na5 21.
bxa6 Rxa6 22. Bb2 Bc5 23. Bc1 Nf2+ 24. Kg1 Nd3+ 25. Kh1 b6 26. Ba3 Bd4 27. c5
bxc5 28. Rb8+ Ke7 29. Rf3 Nf2+ 30. Kg1 Nc4 31. Rb7+ Kf6 32. Bxc5 Bxc5 33. a3
Nd3+ 34. Kh1 Rxa3 35. h4 Nd2 36. Rxd3 Rxd3 37. Rb2 Ne4 38. g4 Rh3+ 39. Rh2 Nf2+
40. Kg2 Rxh2+ 41. Kxh2 Nxg4+ 42. Kg3 Kf5 43. h5 Bf2+ 44. Kf3 f6 45. h6 Be3 46.
Ke2 Kxf4 47. Kd1 Nxh6 48. Ke2 Ke4 49. Kf1 Kf3 50. Ke1 Nf5 51. Kd1 Nd4 52. Ke1
h5 53. Kd1 h4 54. Ke1 h3 55. Kf1 h2 56. Ke1 h1=Q# {RivalChess checkmated} 0-1

[Event "ICS rated blitz match"]
[Site "204.178.125.65"]
[Date "2001.09.13"]
[Round "?"]
[White "Kasha"]
[Black "Hossa"]
[Result "0-1"]
[WhiteElo "2123"]
[BlackElo "2600"]
[PlyCount "140"]
[EventDate "2001.??.??"]

1. c3 d5 2. d4 Nc6 3. Bf4 g6 4. Nf3 Bg4 5. e3 Bh6 6. Bxh6 Nxh6 7. Be2 O-O 8.
Nbd2 Bf5 9. O-O Rb8 10. Ne1 e5 11. dxe5 Nxe5 12. Nef3 Nd3 13. Bxd3 Bxd3 14. Re1
Qd6 15. Nb3 Be4 16. Nbd2 Rfe8 17. Nxe4 Rxe4 18. Qd3 c6 19. Nd2 Rh4 20. Nf3 Rh5
21. h3 Ra8 22. Rad1 Nf5 23. e4 Ng7 24. exd5 Rxd5 25. Qc2 Nf5 26. Rxd5 Qxd5 27.
a3 Rd8 28. Qe4 Qxe4 29. Rxe4 Kg7 30. g3 Nd6 31. Rd4 Kf6 32. Kf1 g5 33. Nd2 Ke7
34. Ne4 h6 35. Nxd6 Rxd6 36. Rxd6 Kxd6 37. Ke2 Kd5 38. Kd3 Ke5 39. f3 h5 40.
Ke3 h4 41. gxh4 gxh4 42. a4 c5 43. b4 cxb4 44. cxb4 Kd5 45. Kd3 a6 46. f4 b5
47. axb5 axb5 48. f5 Ke5 49. Ke3 Kxf5 50. Kd4 Kf4 51. Kc5 Kg3 52. Kxb5 Kxh3 53.
Ka5 Kg4 54. b5 h3 55. b6 h2 56. b7 h1=R 57. b8=Q Ra1+ 58. Kb6 Rb1+ 59. Kc7 Rxb8
60. Kxb8 f5 61. Kc7 f4 62. Kd7 f3 63. Kd6 f2 64. Kd7 Kf5 65. Kd6 f1=Q 66. Kd7
Qc4 67. Kd6 Kf6 68. Kd7 Qc5 69. Kd8 Ke6 70. Ke8 Qc8# {Kasha checkmated} 0-1

[Event "ICS rated blitz match"]
[Site "204.178.125.65"]
[Date "2001.09.13"]
[Round "?"]
[White "Hossa"]
[Black "malediction"]
[Result "1-0"]
[WhiteElo "2604"]
[BlackElo "2027"]
[PlyCount "27"]
[EventDate "2001.??.??"]

1. e4 e5 2. Nf3 Nc6 3. Bb5 f5 4. d4 fxe4 5. Bxc6 dxc6 6. Nxe5 Nf6 7. O-O Bd6 8.
f3 exf3 9. Qxf3 O-O 10. Qb3+ Kh8 11. Nf7+ Rxf7 12. Qxf7 Bxh2+ 13. Kxh2 Ng4+ 14.
Kg3 {malediction resigns} 1-0

[Event "ICS rated blitz match"]
[Site "204.178.125.65"]
[Date "2001.09.13"]
[Round "?"]
[White "SirGawain"]
[Black "Hossa"]
[Result "0-1"]
[WhiteElo "2263"]
[BlackElo "2605"]
[PlyCount "56"]
[EventDate "2001.??.??"]

1. e4 c5 2. Nf3 d6 3. c3 Nf6 4. Be2 g6 5. O-O Bg7 6. Re1 O-O 7. Bf1 Nc6 8. d3
d5 9. Qc2 Bg4 10. Nbd2 dxe4 11. dxe4 Qc7 12. h3 Bd7 13. e5 Bf5 14. Bd3 Bxd3 15.
Qxd3 Nd7 16. e6 Nde5 17. Nxe5 Nxe5 18. exf7+ Rxf7 19. Qf1 Rd8 20. Nc4 Nd3 21.
Re2 Nxf2 22. Rxf2 Rxf2 23. Qxf2 Rd1+ 24. Qf1 Rxf1+ 25. Kxf1 Qg3 26. Be3 b5 27.
Bf2 Qd3+ 28. Kg1 Qxc4 {SirGawain resigns} 0-1

[Event "ICS rated blitz match"]
[Site "204.178.125.65"]
[Date "2001.09.13"]
[Round "?"]
[White "Hossa"]
[Black "NkumaUlele"]
[Result "1-0"]
[WhiteElo "2609"]
[BlackElo "2097"]
[PlyCount "41"]
[EventDate "2001.??.??"]

1. e4 c5 2. Nf3 Nc6 3. d4 cxd4 4. Nxd4 e5 5. Nb5 a6 6. Nd6+ Bxd6 7. Qxd6 Qf6 8.
Qd1 Nge7 9. Bd3 O-O 10. O-O d6 11. Nc3 Be6 12. Be3 d5 13. exd5 Nxd5 14. Nxd5
Bxd5 15. Bxh7+ Kxh7 16. Qxd5 Rad8 17. Qb3 b5 18. Bb6 Rd2 19. Qc3 Qd6 20. Bc5
Qd5 21. Bxf8 {NkumaUlele resigns} 1-0

[Event "ICS rated blitz match"]
[Site "204.178.125.65"]
[Date "2001.09.13"]
[Round "?"]
[White "NkumaUlele"]
[Black "Hossa"]
[Result "0-1"]
[WhiteElo "2095"]
[BlackElo "2611"]
[PlyCount "66"]
[EventDate "2001.??.??"]

1. d4 Nc6 2. Nf3 d6 3. e4 Nf6 4. Bd3 e5 5. d5 Nb8 6. h3 Be7 7. O-O O-O 8. Be3
Ne8 9. c4 f5 10. exf5 Bxf5 11. Bxf5 Rxf5 12. Nc3 Kh8 13. Nh2 Nd7 14. f4 Rf8 15.
fxe5 Nxe5 16. Rxf8+ Bxf8 17. Qe2 Be7 18. Bd4 Bf6 19. Re1 c5 20. Bxe5 Bxe5 21.
Nf3 Bxc3 22. bxc3 Nf6 23. Qe7 Qxe7 24. Rxe7 b5 25. Ng5 bxc4 26. Nf7+ Kg8 27.
Nxd6 Nxd5 28. Rb7 Nxc3 29. Nxc4 Nxa2 30. Na5 Nc1 31. Rc7 Nd3 32. Kf1 Re8 33.
Rxa7 Re1# {NkumaUlele checkmated} 0-1

[Event "ICS rated blitz match"]
[Site "204.178.125.65"]
[Date "2001.09.13"]
[Round "?"]
[White "Hossa"]
[Black "astrogr"]
[Result "1-0"]
[WhiteElo "2613"]
[BlackElo "2229"]
[PlyCount "113"]
[EventDate "2001.??.??"]

1. e4 e5 2. Nf3 Nf6 3. Nxe5 d6 4. Nxf7 Kxf7 5. Nc3 Qe8 6. Bc4+ Be6 7. Bxe6+
Qxe6 8. O-O Be7 9. d4 Rf8 10. f3 Kg8 11. Be3 Qf7 12. Nb5 Bd8 13. d5 a6 14. Nd4
Nbd7 15. c4 Re8 16. Qd2 Nf8 17. Qb4 Rb8 18. Nc6 bxc6 19. Qxb8 N6d7 20. Qb7 c5
21. Qxa6 Bf6 22. Rab1 Ne5 23. Qa4 Nfg6 24. Qc2 Nh4 25. Kh1 Qh5 26. Qe2 Rb8 27.
Rbd1 Rb4 28. b3 Rb8 29. Rb1 Rf8 30. Bd2 h6 31. Rbd1 Bg5 32. g4 Qg6 33. f4 Bxf4
34. Rxf4 Rxf4 35. Bxf4 Nxg4 36. Rf1 Qh5 37. Rg1 Nf6 38. Qxh5 Nxh5 39. Bxh6 Kh7
40. Bg5 Ng6 41. Bd8 Ne5 42. Bxc7 Nf4 43. Bxd6 Nf3 44. Bxf4 Nxg1 45. Kxg1 Kg6
46. a4 Kf7 47. a5 Ke7 48. a6 Kd7 49. a7 Kc8 50. a8=R+ Kd7 51. Ra7+ Ke8 52. d6
Kf8 53. Ra8+ Kf7 54. d7 Ke6 55. d8=Q Kf7 56. Qe8+ Kf6 57. Ra6# {
astrogr checkmated} 1-0

[Event "ICS rated blitz match"]
[Site "204.178.125.65"]
[Date "2001.09.13"]
[Round "?"]
[White "Polloman"]
[Black "Hossa"]
[Result "0-1"]
[WhiteElo "2063"]
[BlackElo "2616"]
[PlyCount "126"]
[EventDate "2001.??.??"]

1. e4 c5 2. Nf3 d6 3. d4 cxd4 4. Nxd4 Nf6 5. Nc3 a6 6. Rg1 b5 7. Bd3 e5 8. Nb3
Be7 9. g4 b4 10. Nd5 Nxd5 11. exd5 Bb7 12. Be4 a5 13. Be3 Nd7 14. f4 Bh4+ 15.
Kf1 Qe7 16. Qf3 a4 17. Nd2 exf4 18. Bxf4 Ne5 19. Bxe5 Qxe5 20. Nc4 Ba6 21. Bd3
Bxc4 22. Bxc4 a3 23. Qe2 Qxe2+ 24. Kxe2 Bf6 25. Bb5+ Kf8 26. Kd2 axb2 27. Rab1
Bc3+ 28. Kd3 Rxa2 29. Rgf1 Ke7 30. Kc4 Rc8+ 31. Bc6 Ra1 32. Kb3 Rxb1 33. Rxb1
Kf6 34. Rxb2 Bxb2 35. Kxb2 h5 36. gxh5 Rh8 37. h3 Rxh5 38. Bd7 Rxd5 39. Kb3 Rc5
40. Bg4 Rc3+ 41. Kxb4 Rxc2 42. Bd1 Rb2+ 43. Kc3 Rh2 44. Bg4 Ke5 45. Kd3 f5 46.
Be2 Rxh3+ 47. Kd2 g5 48. Ke1 d5 49. Kf2 Rh2+ 50. Kf3 g4+ 51. Ke3 Rxe2+ 52. Kxe2
g3 53. Kf3 Kd4 54. Kxg3 Ke4 55. Kf2 d4 56. Ke2 d3+ 57. Kd2 f4 58. Kd1 f3 59.
Ke1 Ke3 60. Kf1 d2 61. Kg1 d1=R+ 62. Kh2 Kf4 63. Kh3 Rh1# {Polloman checkmated}
0-1

[Event "ICS rated blitz match"]
[Site "204.178.125.65"]
[Date "2001.09.13"]
[Round "?"]
[White "Hossa"]
[Black "Polloman"]
[Result "1-0"]
[WhiteElo "2617"]
[BlackElo "2062"]
[PlyCount "31"]
[EventDate "2001.??.??"]

1. e4 e6 2. d4 d5 3. Nc3 Bb4 4. e5 c5 5. a3 Bxc3+ 6. bxc3 Ne7 7. Qg4 Kf8 8. h4
Qc7 9. Qd1 cxd4 10. cxd4 Qc3+ 11. Bd2 Qxd4 12. Nf3 Qe4+ 13. Be2 Nbc6 14. h5 h6
15. Rh4 Qf5 16. Bd3 {Polloman resigns} 1-0

[Event "ICS rated blitz match"]
[Site "204.178.125.65"]
[Date "2001.09.13"]
[Round "?"]
[White "charliecccc"]
[Black "Hossa"]
[Result "0-1"]
[WhiteElo "2288"]
[BlackElo "2618"]
[PlyCount "40"]
[EventDate "2001.??.??"]

1. c4 e5 2. Nc3 Bb4 3. Qc2 Ne7 4. Nf3 d6 5. a3 Bxc3 6. Qxc3 O-O 7. g3 e4 8. Nd4
d5 9. cxd5 Nxd5 10. Qc2 Nf6 11. e3 Qe7 12. Bg2 Rd8 13. O-O b6 14. d3 Ba6 15.
dxe4 Bxf1 16. Kxf1 c5 17. Nf5 Qe6 18. e5 Nd5 19. Qd3 Nc6 20. e4 Nf4 {
charliecccc resigns} 0-1

[Event "ICS rated blitz match"]
[Site "204.178.125.65"]
[Date "2001.09.13"]
[Round "?"]
[White "Hossa"]
[Black "SirChess"]
[Result "1-0"]
[WhiteElo "2622"]
[BlackElo "2264"]
[PlyCount "87"]
[EventDate "2001.??.??"]

1. e4 e5 2. Nf3 Nc6 3. Bb5 a6 4. Ba4 Nf6 5. d4 exd4 6. O-O d6 7. Nxd4 Bd7 8.
Nxc6 Bxc6 9. Bxc6+ bxc6 10. Qf3 Be7 11. e5 Nd5 12. c4 Nb6 13. exd6 Qxd6 14. Rd1
Qf6 15. Qg4 O-O 16. Be3 Qg6 17. Qxg6 hxg6 18. Nd2 Bf6 19. Rab1 Rfe8 20. b3 Rad8
21. Nf3 Nd7 22. Bf4 Nf8 23. Bxc7 Rxd1+ 24. Rxd1 Ne6 25. Be5 g5 26. Bxf6 gxf6
27. Rd6 Rc8 28. h4 Kg7 29. h5 g4 30. Nd4 Nxd4 31. Rxd4 f5 32. Rd6 Rc7 33. Kh2
f6 34. Kg3 Rc8 35. Kf4 Rc7 36. Kxf5 Rc8 37. Rxf6 Rc7 38. h6+ Kh7 39. Kxg4 Rc8
40. Kh5 Rc7 41. g4 Rc8 42. g5 Rc7 43. g6+ Kh8 44. Rf8# {SirChess checkmated}
1-0

[Event "ICS rated blitz match"]
[Site "204.178.125.65"]
[Date "2001.09.13"]
[Round "?"]
[White "Hossa"]
[Black "ChesterX"]
[Result "0-1"]
[WhiteElo "2626"]
[BlackElo "2781"]
[PlyCount "84"]
[EventDate "2001.??.??"]

1. e4 c5 2. Nf3 d6 3. c3 Nf6 4. h3 Nc6 5. d3 e5 6. Be2 d5 7. exd5 Nxd5 8. O-O
Be7 9. a3 O-O 10. b4 a6 11. bxc5 Bxc5 12. d4 exd4 13. cxd4 Bb6 14. Bb2 Nf4 15.
Re1 Qf6 16. Qd2 Bxh3 17. Bf1 Ba5 18. Bc3 Bg4 19. Bxa5 Bxf3 20. Bc7 Nxg2 21.
Bxg2 Bxg2 22. Qf4 Qg6 23. Qg3 Bf3 24. Qxg6 fxg6 25. Bb6 Rf4 26. Re3 Rg4+ 27.
Kh2 Rf8 28. Nd2 Rg2+ 29. Kh3 Rxf2 30. Rd3 Bg2+ 31. Kg3 Bd5 32. Kh3 Rg2 33. Re1
Rff2 34. Nf1 Rg1 35. Ree3 Rgxf1 36. Kh4 g5+ 37. Kxg5 Rg1+ 38. Rg3 h6+ 39. Kh4
Rf4+ 40. Rg4 Rfxg4+ 41. Kh3 g5 42. Kh2 Rh1# {Hossa checkmated} 0-1

[Event "ICS rated blitz match"]
[Site "204.178.125.65"]
[Date "2001.09.13"]
[Round "?"]
[White "Markoyu1"]
[Black "Hossa"]
[Result "1-0"]
[WhiteElo "2458"]
[BlackElo "2617"]
[PlyCount "103"]
[EventDate "2001.??.??"]

1. d4 Nc6 2. d5 Nb8 3. c4 e6 4. Nc3 Bb4 5. Bd2 Ne7 6. e4 exd5 7. cxd5 O-O 8.
Nf3 d6 9. Bd3 f5 10. O-O Nd7 11. a3 Nc5 12. axb4 Nxd3 13. Bg5 fxe4 14. Nxe4
Nxb4 15. Re1 Nbxd5 16. Nc3 Nf6 17. Qb3+ Kh8 18. Ne4 Neg8 19. Rad1 Rb8 20. Ne5
Qe8 21. Bxf6 gxf6 22. Nf3 Qg6 23. Ng3 Bg4 24. h3 Bxf3 25. Qxf3 Qc2 26. Nf5 Qxb2
27. Re4 Rfd8 28. Rde1 Qd2 29. h4 Qd5 30. Qg4 Qf7 31. h5 a6 32. Re7 Nxe7 33.
Rxe7 Rg8 34. Qh4 Qf8 35. Rxc7 Rg5 36. Qf4 Qd8 37. Rf7 Qa5 38. Ng3 Qe5 39. Qf3
d5 40. Rxf6 b6 41. h6 a5 42. Rf7 Rc8 43. Qd3 Rc1+ 44. Nf1 Qe4 45. Rf8+ Rg8 46.
Qg3 Rxf1+ 47. Kh2 Rh1+ 48. Kxh1 Qh4+ 49. Qxh4 Rxf8 50. Qd4+ Rf6 51. Qxf6+ Kg8
52. Qg7# {Hossa checkmated} 1-0

[Event "ICS rated blitz match"]
[Site "204.178.125.65"]
[Date "2001.09.13"]
[Round "?"]
[White "Hossa"]
[Black "IgorIvanov"]
[Result "1-0"]
[WhiteElo "2594"]
[BlackElo "2419"]
[PlyCount "28"]
[EventDate "2001.??.??"]

1. e4 e6 2. d4 d5 3. Nc3 Bb4 4. e5 c5 5. a3 Ba5 6. b4 cxd4 7. Qg4 Ne7 8. bxa5
dxc3 9. Qxg7 Rg8 10. Qxh7 Nbc6 11. f4 Bd7 12. a6 b6 13. Ne2 d4 14. g3 Nf5 {
IgorIvanov resigns} 1-0

[Event "ICS rated blitz match"]
[Site "204.178.125.65"]
[Date "2001.09.13"]
[Round "?"]
[White "Hadoken"]
[Black "Hossa"]
[Result "1/2-1/2"]
[WhiteElo "2694"]
[BlackElo "2603"]
[PlyCount "80"]
[EventDate "2001.??.??"]

1. e4 c5 2. Nf3 d6 3. d4 cxd4 4. Nxd4 Nf6 5. Nc3 a6 6. Bg5 e6 7. f4 Qb6 8. Qd2
Qxb2 9. Rb1 Qa3 10. f5 Nc6 11. fxe6 fxe6 12. Nxc6 bxc6 13. e5 dxe5 14. Bxf6
gxf6 15. Ne4 Qxa2 16. Rd1 Be7 17. Be2 O-O 18. O-O Ra7 19. Qe3 Rb7 20. c3 Qa5
21. Rf2 f5 22. Nd6 Bxd6 23. Rxd6 f4 24. Qf3 Bd7 25. Qg4+ Kh8 26. Qg5 Rf7 27.
Qh5 Rf5 28. Qh4 Rb1+ 29. Bd1 Rf7 30. Qh5 Be8 31. Rd3 Rc1 32. Qg5 Qc5 33. Rd8
Rf8 34. Kf1 Rxc3 35. Rxe8 Rxe8 36. Qf6+ Kg8 37. Qg5+ Kh8 38. Qf6+ Kg8 39. Qg5+
Kf8 40. Qf6+ Kg8 {Game drawn by repetition} 1/2-1/2

[Event "ICS rated blitz match"]
[Site "204.178.125.65"]
[Date "2001.09.13"]
[Round "?"]
[White "Hossa"]
[Black "Hadoken"]
[Result "0-1"]
[WhiteElo "2607"]
[BlackElo "2690"]
[PlyCount "113"]
[EventDate "2001.??.??"]

1. e4 c5 2. Nf3 d6 3. d4 cxd4 4. Nxd4 Nf6 5. Nc3 a6 6. Be2 e5 7. Nb3 Be7 8. O-O
O-O 9. Be3 Be6 10. Qd2 Nbd7 11. a4 Rc8 12. a5 Qc7 13. Rfd1 Nc5 14. Nxc5 dxc5
15. Bf3 Rfd8 16. Qe1 Rxd1 17. Qxd1 Rd8 18. Qe2 h6 19. Qe1 Rd7 20. Na4 Qc6 21.
Qc3 c4 22. Nb6 Rd8 23. Qxe5 Bd6 24. Qc3 Qb5 25. Bd2 Be5 26. Qb4 Bxb2 27. Rb1 c3
28. Qxb5 axb5 29. Bf4 g5 30. Be3 Bg4 31. e5 Bxf3 32. gxf3 Nh5 33. Kg2 Nf4+ 34.
Bxf4 gxf4 35. Re1 Rd2 36. e6 fxe6 37. Rxe6 Rxc2 38. Re8+ Kf7 39. Rb8 Rd2 40.
Rxb7+ Ke6 41. a6 c2 42. Rc7 c1=Q 43. Rxc1 Bxc1 44. a7 Ra2 45. a8=Q Rxa8 46.
Nxa8 Kd7 47. Nb6+ Kc6 48. Nc8 b4 49. Ne7+ Kc5 50. Nf5 b3 51. Nxh6 b2 52. Nf7
b1=Q 53. Ne5 Qh7 54. h3 Kd6 55. Ng4 Ke6 56. Nh2 Bb2 57. Nf1 {Hossa resigns} 0-1